<?xml version="1.0" encoding="UTF-8"?>
<record
    xmlns:xsi="http://www.w3.org/2001/XMLSchema-instance"
    xsi:schemaLocation="http://www.loc.gov/MARC21/slim http://www.loc.gov/standards/marcxml/schema/MARC21slim.xsd"
    xmlns="http://www.loc.gov/MARC21/slim">

  <leader>00382nam a2200133Ia 4500</leader>
  <controlfield tag="008">240719s9999    xx            000 0 und d</controlfield>
  <datafield tag="041" ind1=" " ind2=" ">
    <subfield code="a">eng</subfield>
  </datafield>
  <datafield tag="082" ind1=" " ind2=" ">
    <subfield code="a">920 GUP</subfield>
  </datafield>
  <datafield tag="100" ind1=" " ind2=" ">
    <subfield code="a">Gupta, K. Vishal</subfield>
  </datafield>
  <datafield tag="245" ind1=" " ind2=" ">
    <subfield code="a">75 Amazing Indians Who Made A Difference</subfield>
  </datafield>
  <datafield tag="260" ind1=" " ind2=" ">
    <subfield code="a">New Dehli</subfield>
    <subfield code="b">Vitasta Publishing Pvt</subfield>
    <subfield code="c">2024</subfield>
  </datafield>
  <datafield tag="300" ind1=" " ind2=" ">
    <subfield code="a">369;. P. 21 cm</subfield>
  </datafield>
  <datafield tag="520" ind1=" " ind2=" ">
    <subfield code="a">Faculty Purchase by Dr.Veena Pailwar</subfield>
  </datafield>
  <datafield tag="999" ind1=" " ind2=" ">
    <subfield code="c">41482</subfield>
    <subfield code="d">41482</subfield>
  </datafield>
  <datafield tag="952" ind1=" " ind2=" ">
    <subfield code="0">0</subfield>
    <subfield code="1">0</subfield>
    <subfield code="4">0</subfield>
    <subfield code="7">0</subfield>
    <subfield code="a">IMTN</subfield>
    <subfield code="b">IMTN</subfield>
    <subfield code="c">Rack 43-B</subfield>
    <subfield code="d">2024-03-18</subfield>
    <subfield code="e">Amazon</subfield>
    <subfield code="g">495.00</subfield>
    <subfield code="l">1</subfield>
    <subfield code="n">5369</subfield>
    <subfield code="o">920 GUP</subfield>
    <subfield code="p">33531</subfield>
    <subfield code="q">2024-10-20</subfield>
    <subfield code="r">2024-07-21 00:00:00</subfield>
    <subfield code="s">2024-07-21</subfield>
    <subfield code="w">2024-03-18</subfield>
    <subfield code="y">BK</subfield>
  </datafield>
</record>
